What the plus! : (Record no. 75473)

MARC details
000 -LEADER
fixed length control field 00736nam a22002297a 4500
005 - DATE AND TIME OF LATEST TRANSACTION
control field 20130513113600.0
010 ## - LCCN (DPL NO)
LC control number ENG-107150
020 ## - INTERNATIONAL STANDARD BOOK NUMBER
International Standard Book Number 9781259064494
Terms of availability 325.00
020 ## - INTERNATIONAL STANDARD BOOK NUMBER
International Standard Book Number 1259064492
Terms of availability 325.00
035 ## - SYSTEM CONTROL NUMBER
System control number EN-90683
037 ## - SOURCE OF ACQUISITION
Source of stock number/acquisition DBAD/PUB
082 00 - DEWEY DECIMAL CLASSIFICATION NUMBER
Classification number 381.142
Edition number 23
100 1# - MAIN ENTRY--PERSONAL NAME
Personal name Kawasaki, Guy,
Dates associated with a name 1954-
245 10 - TITLE STATEMENT
Title What the plus! :
Remainder of title Google+ for the rest of us /
Statement of responsibility, etc by Guy Kawasaki
260 ## - PUBLICATION, DISTRIBUTION, ETC. (IMPRINT)
Place of publication, distribution, etc New Delhi
Name of publisher, distributor, etc Tata McGraw-Hill
Date of publication, distribution, etc 2013
270 ## - ADDRESS
Address 7 West Patel Nagar
City New Delhi
Postal code 110008
300 ## - PHYSICAL DESCRIPTION
Extent x, 197p. :
Other physical details ill.
Dimensions 23cm(pbk)
650 #0 - SUBJECT ADDED ENTRY--TOPICAL TERM
Topical term or geographic name as entry element Online social networks.
650 #0 - SUBJECT ADDED ENTRY--TOPICAL TERM
Topical term or geographic name as entry element Internet marketing.
650 #7 - SUBJECT ADDED ENTRY--TOPICAL TERM
Topical term or geographic name as entry element BUSINESS & ECONOMICS / E-Commerce / Internet Marketing.
942 ## - ADDED ENTRY ELEMENTS (KOHA)
Source of classification or shelving scheme Dewey Decimal Classification
Item type English Books
Classification part 381.142
Call number suffix KAW
Holdings
Withdrawn status Lost status Not for loan Collection code Home library Current library Date acquired Source of acquisition Cost, normal purchase price Full call number Barcode Copy number Cost, replacement price Koha item type
    Not For Loan Non-fiction D.B.Act.Division D.B.Act.Division 13/05/2013 DBAD/PUB 325.00 381.142 KAW EN-90683 1 325.00 English Books

© Delhi Public Library
Hit Counter
free hit counter